| 000 | 00376 a2200157 4500 | ||
|---|---|---|---|
| 001 | 59993 | ||
| 020 | _a9783193016720 | ||
| 040 | _cAnchieta - Pituba | ||
| 100 | _aHabersack, Charlotte | ||
| 240 | 1 | 0 |
_aJungs sind keine regenschirme _lpor |
| 245 | 1 | 0 | _aJungs sind keine regenschirme |
| 300 | _a48 | ||
| 362 | 0 | _a2009 | |
| 650 | 4 | _aLiteratura juvenil em alemão | |
| 942 | _cBK | ||
| 999 |
_c59993 _d59993 |
||